[Event "British Rapidplay"]
[Site "Peterborough"]
[Date "2024.03.03"]
[Round "11"]
[White "He, Tom Junde"]
[Black "Larchikov, Maksym"]
[Result "0-1"]
[WhiteElo "1783"]
[BlackElo "1951"]
[PlyCount "154"]
[EventDate "2024.03.02"]
[EventType "swiss (rapid)"]
[EventRounds "11"]
[EventCountry "ENG"]
[SourceTitle "CB10_2024"]
[SourceDate "2024.03.06"]
[SourceVersion "1"]
[SourceVersionDate "2024.03.06"]
[SourceQuality "1"]

1. d4 d5 2. c4 e6 3. Nf3 Nf6 4. g3 Be7 5. Bg2 0-0 6. 0-0 dxc4 7. Qc2 a6 8. a4 Bd7 9. Rd1 Bc6 10. Nc3 Nd5 11. e4 Nxc3 12. bxc3 b6 13. Ne5 Bb7 14. d5 exd5 15. exd5 Bd6 16. Nxc4 Nd7 17. Rb1 a5 18. Be3 Ba6 19. Nxd6 cxd6 20. Rb2 Rb8 21. Rdb1 Qc7 22. Bh3 Nc5 23. Bf5 g6 24. Bxc5 Qxc5 25. Bd3 Bc8 26. Rb5 Qc7 27. Qb2 Ba6 28. Rd1 Bxb5 29. Bxb5 Qc5 30. c4 Qc7 31. Qf6 Qd8 32. Qc3 Rb7 33. Bc6 Re7 34. Rb1 Qc7 35. Qb2 Rb8 36. h4 Re5 37. Qd4 Qe7 38. Kg2 Re4 39. Qd3 Qe5 40. Rd1 Re2 41. Kf1 Qe4 42. f3 Qxd3 43. Rxd3 Rc2 44. Bb5 Kf8 45. Re3 Rc8 46. Re4 Rb2 47. Ke1 Rg2 48. Kf1 Rb2 49. Ke1 Rc2 50. Kf1 h6 51. Kg1 Rc7 52. Re8+ Kg7 53. Re4 Kf6 54. Rf4+ Kg7 55. Re4 g5 56. h5 Kf6 57. f4 Kf5 58. Re3 gxf4 59. gxf4 Kxf4 60. Re1 f5 61. Rf1+ Kg3 62. Rxf5 Rc1+ 63. Rf1 Rxf1+ 64. Kxf1 Kg4 65. Kg2 Kxh5 66. Kf3 Kg5 67. Kg3 h5 68. Bc6 h4+ 69. Kh3 Re7 70. Kg2 Kg4 71. Kh2 Re2+ 72. Kg1 Kg3 73. Kf1 Rf2+ 74. Ke1 h3 75. c5 h2 76. Bb5 h1Q+ 77. Bf1 Qxf1# 0-1